Počet ľudí, ktorí cestujú na dovolenku, začal opäť stúpať

Výsledky reprezentatívneho prieskumu obyvateľstva SR o trávení dovoleniek. Skupiny obyvateľov, ktorí cestujú najviac, resp. najmenej. Preferované typy dovolenky. Preferované krajiny budúcoročnej dovolenky. Podiel dovolenkujúcej populácie SR. Spôsoby získavania finančných prostriedkov.

Salvato in:
Dettagli Bibliografici
Autore principale: Krivá, M.
Natura: Capitolo di libro
Lingua:slovacco
Soggetti:
Tags: Aggiungi Tag
Nessun Tag, puoi essere il primo ad aggiungerne!!

MARC

LEADER 00000naa a2200000 4500
001 r021150
005 20230921074126.7
041 0 |a slo 
044 |a SK 
245 1 0 |a Počet ľudí, ktorí cestujú na dovolenku, začal opäť stúpať  |c M. Krivá 
520 |a Výsledky reprezentatívneho prieskumu obyvateľstva SR o trávení dovoleniek. Skupiny obyvateľov, ktorí cestujú najviac, resp. najmenej. Preferované typy dovolenky. Preferované krajiny budúcoročnej dovolenky. Podiel dovolenkujúcej populácie SR. Spôsoby získavania finančných prostriedkov. 
610 2 0 |a Slovensko 
610 2 0 |a ruch cestovný 
610 2 0 |a dovolenka 
610 2 0 |a obyvateľstvo 
610 2 0 |a prieskum štatistický 
610 2 0 |a výdavky 
610 2 0 |a údaje štatistické 
100 1 |a Krivá, M.